000 00508nam a2200205Ia 4500
005 20240823021656.0
008 240823s9999||||xx |||||||||||||| ||und||
020 _a81-203-2230-4
041 _aENGLISH
082 _A910 P4
100 _aLo C P
245 0 _aConcepts and Techniques of Geographic Information Systems
250 _a1st
260 _c2004
_b"PHI,New "
_aNew Delhi
500 _aYES
650 _aGeography
_bGeneral
700 _a" Yeung,Albert K W"
942 _cBK
999 _c177510
_d177510